000 00892cab a2200253 4500
001 WB3420-05
008 090401t1998 xxu||||| |||| 00| 0 eng d
035 _a(Sirsi) u86396
041 _aeng
245 _aDevelopers` borrowing costs fall
260 _c1998
350 _a0
490 _aFinancial Times
_v26 May 1998, 8(1)
520 _aBank lending for property developers are falling as the competition to lend is rising, although bankers are showing caution as to how far the property market can rise, according to a survey by the University of Greenwich and Chesterton.
650 _aBANK LENDING
650 _aPROPERTY DEVELOPERS
650 _aPROPERTY FINANCE
650 _aPROPERTY LENDING
650 _aPROPERTY MARKET
650 _aSURVEY
690 _aPROPERTY-COMMERCIAL PROPERTY-COMMERCIAL PROPERTY FINANCE AND INVESTMENT
942 _n0
948 _c27/05/1998
999 _c54369
_d54369